000 00805 a2200217 4500
003 Nust
005 20221006103210.0
010 _a 97065463
020 _a0672310651
035 _a(OCoLC)37378638
040 _cNust
082 0 0 _a005.42,HAY
100 1 _aHayden, David,
_999239
245 1 0 _aTeach yourself Windows CE in 24 hours /
_cDavid Hayden.
250 _a1st ed.
260 _aIndianapolis :
_bSAMS,
_cc1997.
300 _axviii, 217 p. :
_bill. ;
_c24 cm.
505 _aPart:1 Getting Started in the Morning (Page-1), Part-II Getting Organized in the Afternoon (Page-61), Documents and Spreadsheet of Dinner (Page-93), Part-IV Communicating into the Night (Page-137),Part-V Burning the Midnight Oil (Page-191).
650 0 _aOperating systems (Computers)
942 _2ddc
_cBK
_k005.42,HAY
999 _c180499
_d180499